| 000 | 00822nam a2200277 a 4500 | ||
|---|---|---|---|
| 001 | 000033406 | ||
| 003 | DO-SdBNP | ||
| 005 | 20171018081051.0 | ||
| 007 | 000033406 | ||
| 008 | 110826s2010 dr 000 0 spa d | ||
| 040 |
_aBPMSU _bspa _cBPMSU |
||
| 082 | 4 |
_a248.4 _bR788u |
|
| 100 | 1 |
_aRosa y Carpio, Ramón Benito de _d1939- |
|
| 245 | 1 | 0 |
_aUn momento I / _cRamón Benito de la Rosa Carpio. |
| 250 | _a3ra ed. | ||
| 260 |
_aSanto Domingo : _b Vásquez Editores _c2010. |
||
| 300 |
_a256 p. ; _c23 cm. |
||
| 490 | 1 | _aLibros de la Rosa | |
| 500 | _aIncluye datos biográficos del autor en la solapa | ||
| 650 | _aENSAYOS DOMINICANOS | ||
| 650 | _aLITERATURA DOMINICANA | ||
| 830 | 0 | _aLibros de la Rosa | |
| 942 |
_2ddc _cBK |
||
| 945 | _aInventariado / 2017 VM | ||
| 956 |
_aVMATEO _b10 _c20150806 _lBPMSU _h00151 |
||
| 999 |
_c8089 _d8089 |
||